| 000 | 00652nam a2200193Ia 4500 | ||
|---|---|---|---|
| 003 | GCL | ||
| 008 | 140319s9999 xx 000 0 ara d | ||
| 040 |
_aGCL / _cGCL |
||
| 082 | 0 | 4 |
_a811.9 _bن ص |
| 100 | 1 | _aنعيم اليافى | |
| 245 | 1 | 0 |
_aصورة التركى فى الشعر العربى الحديث : شعر المشرق والمهاجر / _cنعيم اليافى |
| 700 | 1 | _aماهر المنجد | |
| 300 | _a219 ص | ||
| 490 |
_aسلسلة الدراسات الادبية والتاريخية _v0 |
||
| 650 | 0 | 4 | _aالشعر العربى |
| 650 | 0 | 4 | _aالادب العربى |
| 650 | 0 | 4 | _aالعصر الحديث |
| 942 |
_2ddc _cBK |
||
| 999 |
_c44264 _d44264 |
||